Регионална библиотека "Любен Каравелов" - Русе

Дневникът на един нинджа 1 (Запис номер 195830)

MARC детайли
000 -Лидер
Контролно поле с фиксирана дължина 01545nam a2200373 c 4500
003 - Код на организацията, давaща контролен номер
Контролно поле BLK
005 - Дата и час на последна редакция
Контролно поле 20250728105306.0
008 - Елементи от данни с фиксирана дължина
fixed length control field 180411b bul|||||r ||||||| ||bul||
010 ## - Наследен системен номер
LC control number KNG00205084000
020 ## - Международен стандартен номер на книга ISBN
Международен стандартен номер на книга ISBN 978-954-26-1687-0
-- издат.: Хермес
040 ## - Източник на каталожния запис
Идентификатор на билиотеката - собственик на записа BLK
041 ## - Код за език
Код за езика на текст/звукозапис или на отделно заглавие Български
Код за езика КДБФ Български
072 #7 - Код за тематичната категория
Код организация bullib
Код за тематична категория Н85
Текст Детска художествена литература Н
080 ## - УДК
Текстов определител УДК Американска литература (на САЩ)
УДК код - определител по УДК 821.111(73)
УДК определител -93-32
УДК - код + определител 821.111(73)-93-32
100 1# - Редна дума - Автор
Автор Емерсън, Маркъс
Авторска отговорност първи автор
R(LIN) 347173
139 ## - Редно поле
Редна дума Емерсън, Маркъс
Авторски знак Еме - Е 59
245 10 - Сведения за заглавието
Заглавие Дневникът на един нинджа 1
Подзаглавни данни Кланът на нинджите
Редно поле (дума) Маркъс Емерсън; прев. от англ. Мария Петрова Демирева.
257 ## - Страна на издаване
Страна на създаване/издаване Съединени американски щати
260 ## - Област на издателските данни
-- Пловдив
Име на издателя, разпространителя и проч. Хермес
Година на издаване 2017
Печатница София : Алианс принт
300 ## - Физическа характеристика
Страници 112 с.
Илюстрации и др. с ил.
Размери/Мащаб 20 см
380 ## - Жанр
Жанр Детска худож. лит.
500 ## - Общи забележки
Забележка Ориг. загл. Diary of a Sixth Grade Ninja / Marcus Emerson.
653 ## - Ключова дума – ненормативна
Ключова дума повести
653 ## - Ключова дума – ненормативна
Ключова дума литература за деца
653 ## - Ключова дума – ненормативна
Ключова дума детска литература
659 ## - Тематичен бюлетин
Тематичен бюлетин Н
700 1# - Други автори (авторска отговорност)
Лично име Демирева, Мария Петрова
Дати, свързани с автора 1984 -
9 (RLIN) 59801
852 ## - Местоположение
Форматна сигнатура Цб 285157
856 4# - Електронен адрес и достъп
Електронен формат pdf - файл
Път до файла /url/
856 4# - Електронен адрес и достъп
Електронен формат pdf - файл
Път до файла /url/
942 ## - АРТИКУЛИ
Вид на библиотечния материал Книги
Скрит в OPAC Не
Koha issues (borrowed), all copies 43
944 ## - СЪЗДАВАНЕ И РЕДАКЦИЯ на ЗАПИСА
Създаване/Редакция Създаване
Дата на регистрацията/редакция 18.04.2017
Статус, дата на статуса Ива Цветкова
Служител, извършил регистрацията/редакцията 30543
944 ## - СЪЗДАВАНЕ И РЕДАКЦИЯ на ЗАПИСА
Създаване/Редакция Редакция
Дата на регистрацията/редакция 13.10.2017
Статус, дата на статуса ф /
Служител, извършил регистрацията/редакцията Пенка_Димитрова
999 ## - СИСТЕМНИ КОНТРОЛНИ НОМЕРА
Koha biblionumber 195830
Koha biblioitemnumber 195830
Наличности
Код за отписване Код за изгубен артикул Код за повреда Коз за рестрикции Код за отдаване Артикулен № Име на библиотеката - собственик Име на библиотеката, в която се намира в момента Статус (Текущо местоположение) Дата на вписване в системата Местоположение - отдел Цена в лева Инвентарен номер Систематично азбучна сигнатура Баркод Номер на екземпляра Цена в евро Служебна бележка Служебен тип на артикула Източник на класификационната схема
  Не е изгубен Не е повреден без рестрикции заемане за дома 341750 Регионална библиотека "Любен Каравелов" Русе Регионална библиотека "Любен Каравелов" Русе Детски отдел 2017-04-24 Детски отдел 5.96 120000810220 ДХ 820/899/Е 59 120000810220 1 3.05 Дост: Pk Вид: Ф N: 821 Дата: 13.04.2017 Книги  
  Не е изгубен Не е повреден без рестрикции заемане за дома 341751 Регионална библиотека "Любен Каравелов" Русе Регионална библиотека "Любен Каравелов" Русе Детски отдел 2017-05-12 Детски отдел 4.78 120000810822 ДХ 820/899/Е 59 120000810822 2 2.44 Дост: Pk Вид: Ф N: 830 Дата: 12.05.2017 Книги Universal Decimal Classification
  Не е изгубен Не е повреден без рестрикции ползва се в читалня 341752 Регионална библиотека "Любен Каравелов" Русе Регионална библиотека "Любен Каравелов" Русе Хранилище 2017-10-13 Хранилище 7.95 120000815888 Цб 285157 120000815888 3 4.06 Дост: Dp Вид: Д N: 36 Дата: 04.08.2017 Книги  
  Не е изгубен Не е повреден без рестрикции заемане за дома 689710 Регионална библиотека "Любен Каравелов" Русе Регионална библиотека "Любен Каравелов" Русе Детски отдел 2019-02-19 Детски отдел 7.95   ДХ 820/899/Е 59 120000830198   4.06   Книги Universal Decimal Classification
Vip Innovations Ltd, Rousse, Bulgaria 2025